| 000 | 00690cab a2200217 4500 | ||
|---|---|---|---|
| 001 | ABS59531 | ||
| 008 | 090401t1998 xxu||||| |||| 00| 0 eng d | ||
| 035 | _a(Sirsi) u89288 | ||
| 041 | _aeng | ||
| 100 | _aRomney, C. | ||
| 245 | _aBraving a foreign field | ||
| 260 | _c1998 | ||
| 350 | _a0 | ||
| 490 |
_aEstates Gazette _v(9841) 10 October 1998, 212-214(3) |
||
| 520 | _aLooks at how to set up a practice in a foreign country, taking into consideration issues of location, premises and office facilities. | ||
| 650 | _aPRIVATE PRACTICE | ||
| 650 | _aSETTING UP IN PRACTICE | ||
| 690 | _aMANAGEMENT-BUSINESS MANAGEMENT-PROFESSIONAL PRACTICE | ||
| 942 | _n0 | ||
| 948 | _c27/10/1998 | ||
| 999 |
_c56468 _d56468 |
||